<?xml version="1.0" encoding="UTF-8"?>
<record
    xmlns:xsi="http://www.w3.org/2001/XMLSchema-instance"
    xsi:schemaLocation="http://www.loc.gov/MARC21/slim http://www.loc.gov/standards/marcxml/schema/MARC21slim.xsd"
    xmlns="http://www.loc.gov/MARC21/slim">

  <leader>00742nam a2200217 a 4500</leader>
  <controlfield tag="003">OSt</controlfield>
  <controlfield tag="005">20150331170838.0</controlfield>
  <controlfield tag="008">150331s2014    sp ||||  b||| 000 0 cat d</controlfield>
  <datafield tag="017" ind1=" " ind2=" ">
    <subfield code="a">DL Cs. 315-2014</subfield>
  </datafield>
  <datafield tag="020" ind1=" " ind2=" ">
    <subfield code="a">9788415896623</subfield>
  </datafield>
  <datafield tag="040" ind1=" " ind2=" ">
    <subfield code="b">cat</subfield>
    <subfield code="c">CDMR</subfield>
  </datafield>
  <datafield tag="110" ind1="1" ind2=" ">
    <subfield code="a">Col&#xB7;lectiu Ricard Blasco</subfield>
  </datafield>
  <datafield tag="245" ind1="1" ind2="0">
    <subfield code="a">Reset RTVV </subfield>
    <subfield code="b">: per unes pol&#xED;tiques de comunicaci&#xF3; al servei de la societat </subfield>
    <subfield code="c">Col&#xB7;lectiu Ricard Blasco </subfield>
  </datafield>
  <datafield tag="260" ind1=" " ind2=" ">
    <subfield code="a">Benicarl&#xF3; </subfield>
    <subfield code="b">Onada</subfield>
    <subfield code="c">2014</subfield>
  </datafield>
  <datafield tag="300" ind1=" " ind2=" ">
    <subfield code="a">140 p. ;</subfield>
    <subfield code="c">24 cm</subfield>
  </datafield>
  <datafield tag="504" ind1=" " ind2=" ">
    <subfield code="a">Bibliografia: p. [133]-137</subfield>
  </datafield>
  <datafield tag="610" ind1="2" ind2="4">
    <subfield code="a">Televisi&#xF3; Valenciana</subfield>
    <subfield code="9">3674</subfield>
  </datafield>
  <datafield tag="650" ind1="0" ind2="4">
    <subfield code="a">Televisi&#xF3;</subfield>
    <subfield code="x">Not&#xED;cies</subfield>
    <subfield code="x">Aspectes pol&#xED;tics</subfield>
    <subfield code="z">Pa&#xED;s Valenci&#xE0;</subfield>
    <subfield code="9">597</subfield>
  </datafield>
  <datafield tag="650" ind1=" " ind2="7">
    <subfield code="a">Comunicaci&#xF3; audiovisual p&#xFA;blica</subfield>
    <subfield code="z">Pais Valenci&#xE0;</subfield>
    <subfield code="2">lemac</subfield>
    <subfield code="9">3110</subfield>
  </datafield>
  <datafield tag="942" ind1=" " ind2=" ">
    <subfield code="c">MON</subfield>
  </datafield>
  <datafield tag="999" ind1=" " ind2=" ">
    <subfield code="c">6783</subfield>
    <subfield code="d">6783</subfield>
  </datafield>
  <datafield tag="952" ind1=" " ind2=" ">
    <subfield code="0">0</subfield>
    <subfield code="1">0</subfield>
    <subfield code="4">0</subfield>
    <subfield code="7">0</subfield>
    <subfield code="a">CDMR</subfield>
    <subfield code="b">CDMR</subfield>
    <subfield code="d">2015-03-31</subfield>
    <subfield code="e">Donaci&#xF3;</subfield>
    <subfield code="g">15.00</subfield>
    <subfield code="l">0</subfield>
    <subfield code="o">EF 7/18</subfield>
    <subfield code="p">CDMR1503612552</subfield>
    <subfield code="r">2015-03-31</subfield>
    <subfield code="v">15.00</subfield>
    <subfield code="w">2015-03-31</subfield>
    <subfield code="y">MON</subfield>
  </datafield>
</record>
